Materia Prima : protonovela /
Tallennettuna:
| Päätekijä: | |
|---|---|
| Aineistotyyppi: | Tuntematon |
| Kieli: | Spanish |
| Julkaistu: |
Santo Domingo, República Dominicana:
Fundación Cultural Dominicana,
c1988
|
| Aiheet: | |
| Tagit: |
Lisää tagi
Ei tageja, Lisää ensimmäinen tagi!
|
MARC
| LEADER | 000000000a22000000004500 | ||
|---|---|---|---|
| 001 | 000390 | ||
| 008 | 140619s1998 d |||f |||| 000 f spa d | ||
| 041 | 0 | |a español | |
| 082 | |a RD863.44 |b V437m | ||
| 100 | 1 | |a Veloz Maggiolo, Marcio |d 1936- | |
| 245 | 1 | 0 | |a Materia Prima : |b protonovela / |c Marcio Veloz Maggiolo |
| 260 | |a Santo Domingo, República Dominicana: |b Fundación Cultural Dominicana, |c c1988 | ||
| 300 | |a 184 páginas | ||
| 500 | |a Número de inscripción 00219 | ||
| 650 | 4 | |a LITERATURA DOMINICANA |v NOVELA | |
| 942 | |2 ddc |c BK | ||
| 999 | |c 1192 |d 1192 | ||
